<?xml version="1.0" encoding="UTF-8"?>
<collection xmlns="http://www.loc.gov/MARC21/slim">
<record>
  <controlfield tag="001">150940</controlfield>
  <controlfield tag="005">20251001112447.0</controlfield>
  <controlfield tag="008">171121s1724    sp a    r     ||| | spa d</controlfield>
  <datafield tag="024" ind1="7" ind2=" ">
    <subfield code="a">CCPB000484180-8</subfield>
    <subfield code="2">CCPB</subfield>
  </datafield>
  <datafield tag="040" ind1=" " ind2=" ">
    <subfield code="a">CAV </subfield>
    <subfield code="b">spa</subfield>
    <subfield code="c">CAV </subfield>
    <subfield code="d">ES-ZaU</subfield>
  </datafield>
  <datafield tag="100" ind1="1" ind2=" ">
    <subfield code="a">Ayala, Jerónimo de</subfield>
    <subfield code="9">606040</subfield>
  </datafield>
  <datafield tag="245" ind1="1" ind2="0">
    <subfield code="a">Principios de cirugia ... /</subfield>
    <subfield code="c">su autor Geronimo de Ayala. En esta ultima impression va añadido el libro intitulado del parto humano / compuesto por ... Francisco Nuñez.</subfield>
  </datafield>
  <datafield tag="260" ind1=" " ind2=" ">
    <subfield code="a">En Madrid :</subfield>
    <subfield code="b">en la Imprenta de Angel Pasqual Rubio,</subfield>
    <subfield code="c">1724</subfield>
  </datafield>
  <datafield tag="300" ind1=" " ind2=" ">
    <subfield code="a">[4] h., 332 p., [2] h. ;</subfield>
    <subfield code="c">4º.</subfield>
  </datafield>
  <datafield tag="336" ind1=" " ind2=" ">
    <subfield code="a">Texto (visual)</subfield>
    <subfield code="b">txt</subfield>
    <subfield code="2">rdacontent</subfield>
  </datafield>
  <datafield tag="337" ind1=" " ind2=" ">
    <subfield code="a">sin mediación</subfield>
    <subfield code="b">n</subfield>
    <subfield code="2">rdamedia</subfield>
  </datafield>
  <datafield tag="338" ind1=" " ind2=" ">
    <subfield code="a">volumen</subfield>
    <subfield code="b">nc</subfield>
    <subfield code="2">rdacarrier</subfield>
  </datafield>
  <datafield tag="540" ind1=" " ind2=" ">
    <subfield code="9">info:eu-repo/semantics/openAccess</subfield>
    <subfield code="a">by</subfield>
    <subfield code="u">https://creativecommons.org/licenses/by/4.0/deed.es</subfield>
  </datafield>
  <datafield tag="594" ind1=" " ind2=" ">
    <subfield code="a">Segunda mención de título y mención de responsabilidad precede a primera mención de responsabilidad.</subfield>
  </datafield>
  <datafield tag="650" ind1="0" ind2="4">
    <subfield code="a">Cirugía</subfield>
    <subfield code="v">Obras anteriores a 1800.</subfield>
    <subfield code="9">1121380</subfield>
  </datafield>
  <datafield tag="700" ind1="1" ind2=" ">
    <subfield code="a">Nuñez, Francisco.</subfield>
    <subfield code="9">232130</subfield>
  </datafield>
  <datafield tag="700" ind1="1" ind2=" ">
    <subfield code="a">Pasqual Rubio, Angel</subfield>
    <subfield code="e">imp.</subfield>
    <subfield code="9">676262</subfield>
  </datafield>
  <datafield tag="752" ind1=" " ind2=" ">
    <subfield code="a">España </subfield>
    <subfield code="d">Madrid.</subfield>
  </datafield>
  <datafield tag="856" ind1="4" ind2=" ">
    <subfield code="s">180020</subfield>
    <subfield code="u">http://zaguan.unizar.es/record/150940/files/METS_carga_81_80.xml</subfield>
    <subfield code="y">Fichero METS</subfield>
  </datafield>
  <datafield tag="856" ind1="4" ind2=" ">
    <subfield code="s">61577896</subfield>
    <subfield code="u">http://zaguan.unizar.es/record/150940/files/81_80.pdf</subfield>
    <subfield code="y">Texto completo (pdf)</subfield>
  </datafield>
  <datafield tag="856" ind1="4" ind2=" ">
    <subfield code="s">439086</subfield>
    <subfield code="u">http://zaguan.unizar.es/record/150940/files/81_80.jpg?subformat=icon</subfield>
    <subfield code="x">icon</subfield>
    <subfield code="y">Texto completo (pdf)</subfield>
  </datafield>
  <datafield tag="907" ind1=" " ind2=" ">
    <subfield code="a">.b18926071</subfield>
    <subfield code="b">10-10-19</subfield>
    <subfield code="c">21-11-17</subfield>
  </datafield>
  <datafield tag="909" ind1="C" ind2="O">
    <subfield code="o">oai:zaguan.unizar.es:150940</subfield>
    <subfield code="p">fondo-historico</subfield>
    <subfield code="p">driver</subfield>
  </datafield>
  <datafield tag="998" ind1=" " ind2=" ">
    <subfield code="a">100</subfield>
    <subfield code="b">21-11-17</subfield>
    <subfield code="c">m</subfield>
    <subfield code="d">a</subfield>
    <subfield code="e">a</subfield>
    <subfield code="f">spa</subfield>
    <subfield code="g">sp </subfield>
    <subfield code="h">0</subfield>
    <subfield code="i">0</subfield>
  </datafield>
  <datafield tag="927" ind1="1" ind2=" ">
    <subfield code="a">100</subfield>
    <subfield code="b">jm</subfield>
    <subfield code="d">171121</subfield>
  </datafield>
  <datafield tag="945" ind1=" " ind2=" ">
    <subfield code="a">81-80</subfield>
    <subfield code="g">0</subfield>
    <subfield code="l">100an</subfield>
    <subfield code="o">u</subfield>
    <subfield code="p">0.00</subfield>
    <subfield code="q">-</subfield>
    <subfield code="r">f</subfield>
    <subfield code="s">-</subfield>
    <subfield code="t">20</subfield>
    <subfield code="u">0</subfield>
    <subfield code="v">0</subfield>
    <subfield code="w">0</subfield>
    <subfield code="x">0</subfield>
    <subfield code="y">.i22021875</subfield>
    <subfield code="z">21-11-17</subfield>
  </datafield>
  <datafield tag="980" ind1=" " ind2=" ">
    <subfield code="b">fondos</subfield>
  </datafield>
  <datafield tag="999" ind1=" " ind2=" ">
    <subfield code="c">746572</subfield>
    <subfield code="d">746572</subfield>
  </datafield>
  <datafield tag="999" ind1="f" ind2="f">
    <subfield code="i">6470f7a9-f3af-4101-8047-920efdf741b1</subfield>
  </datafield>
  <datafield tag="952" ind1=" " ind2=" ">
    <subfield code="0">0</subfield>
    <subfield code="1">0</subfield>
    <subfield code="2">udc</subfield>
    <subfield code="3">c6e5e11d-4dcb-45d2-9f51-e9d79524e142</subfield>
    <subfield code="4">0</subfield>
    <subfield code="6">8180</subfield>
    <subfield code="7">0</subfield>
    <subfield code="9">1156234</subfield>
    <subfield code="a">100</subfield>
    <subfield code="b">100</subfield>
    <subfield code="c">c3f7083c-06cf-46f1-9025-51d1c10266e1</subfield>
    <subfield code="d">2017-11-21</subfield>
    <subfield code="e">u</subfield>
    <subfield code="f">-</subfield>
    <subfield code="o">81-80</subfield>
    <subfield code="r">2021-03-26</subfield>
    <subfield code="t">47167</subfield>
    <subfield code="x">Digitalizado-2024</subfield>
    <subfield code="y">a3499d44-1378-4e9e-8120-bbfb237e4404</subfield>
    <subfield code="z">enc. perg.</subfield>
    <subfield code="/">f</subfield>
    <subfield code="k">.i22021875</subfield>
  </datafield>
  <datafield tag="037" ind1=" " ind2=" ">
    <subfield code="a">81_80</subfield>
  </datafield>
  <datafield tag="980" ind1=" " ind2=" ">
    <subfield code="a">FH</subfield>
    <subfield code="b">fondos</subfield>
  </datafield>
</record>
</collection>